00482nam a22001457a 4500010001500000020002600015035001400041037001300055082001300068100001900081245008600100260003500186270008500221300003000306 aENG-120544 c181.00a8906043770011 aEN-104076 bDBAD/PUB a615.8512 aEzekiel, Moses aHealing experiences through hypnosis and past life regression /cby Moses Ezekiel aMumbaibKetaki Prakashanc201? bMumbaiaAjay Deep House,22- Second Floor, 240 Perin Nariman Street Fort,e400001 a163p. :b20cm(pbk).cill.